| 000 | 00988cam a2200301 i 4500 | ||
|---|---|---|---|
| 001 | 200464654 | ||
| 003 | TR-AnTOB | ||
| 005 | 20250626135445.0 | ||
| 007 | ta | ||
| 008 | 250613s2023 tu 000 0 tur d | ||
| 020 | _a9789757307808 | ||
| 040 |
_aTR-IsYBT _beng _erda _cTR-IsYBT _dTR-AnTOB |
||
| 041 | 0 | _atur | |
| 050 | 1 | 4 |
_aDS119.7 _b.T87 2023 |
| 090 |
_aDS119.7 _b.T87 2023 |
||
| 245 | 1 | 0 |
_aTürk diplomatik arşivi belgelerinde Filistin (1922-1948) / _ceditör Mehmet Erdoğan. |
| 264 | 1 |
_aAnkara : _bDışişleri Bakanlığı Diplomatik Arşiv Dairesi Başkanlığı, _c2023. |
|
| 300 |
_axxxvi, 336 pages ; _c24 cm |
||
| 336 |
_atext _btxt _2rdacontent |
||
| 337 |
_aunmediated _bn _2rdamedia |
||
| 338 |
_avolume _bnc _2rdacarrier |
||
| 504 | _aBIB | ||
| 651 | 7 |
_aİsrail _xDış ilişkiler _zTürkiye _925168 |
|
| 651 | 7 |
_aTürkiye _xDış ilişkiler _zİsrail _2etuturkob _930691 |
|
| 700 |
_aErdoğan, Mehmet _eeditor _927483 |
||
| 942 |
_2lcc _cBK |
||
| 999 |
_c200464654 _d82866 |
||